000 00961nam a22002297a 4500
003 BUBTL
008 230914b ||||| |||| 00| 0 eng d
020 _a9848470158
041 _aবাংলা
082 _a347.052/ G155l/ 2011
100 _95298
_aগাঙ্গুলী, বাসুদেব
245 _aতামাদি আইন/ সর্বশেষ সংশোধনী, ধারার বিশ্লেষণ ও উচ্চতর আদালতের সিদ্ধান্ত সহ :
_bবাসুদেব গাঙ্গুলী
250 _a৩য় সং
260 _aঢাকা
_bবাংলাদেশ ল‘ বুক কোম্পানী
_cc2011
300 _a289p. :
_bill. ; 21 cm .
526 _aLaw
650 0 _92102
_aLaw
700 _95298
_aগাঙ্গুলী, বাসুদেব
856 _k0
_l0
_yDownload
942 _2ddc
_cBK
999 _c7095
_d7095